| 000 | 01518nam2a2200241 4500 | ||
|---|---|---|---|
| 001 | rc\2998762 | ||
| 005 | 20260407070741.0 | ||
| 035 | _a(NLR Aleph) 007207755 | ||
| 090 |
_a13630296 _c13630296 |
||
| 100 | _a20110919d1941 u y0rusy50 ca | ||
| 101 | 0 | _arus | |
| 102 | _aRU | ||
| 105 | _ay j ||||| | ||
| 200 | 1 |
_aПартия большевиков в период подготовки и проведения Октябрьской социалистической революции. (Апр. 1917 - 1918 гг.) _eСтекногр. лекции, прочит. 14-го сент. 1940 г. _fАкад. Ем. Ярославский _hЛекция 2 _iНачало кризиса Временного правительства. VII ("Апрельская") конференция большевиков (Петроград, 24-29 апр. 1917 г.) и ее историческое значение |
|
| 210 | _d1941 | ||
| 215 | _a24 с. | ||
| 461 | 0 |
_1001rc\2998756 _12001#$aКурс истории ВКП(б)$fВысшая парт. школа при ЦК ВКП(б)$vГл. 7 _97659309 _cМосква _d1941 _fВысшая парт. школа при ЦК ВКП(б) _nБ. и. _tКурс истории ВКП(б) _vГл. 7 |
|
| 700 | 1 |
_4080 _7ca _8rus _aЯрославский _bЕ. М. _cгос. и парт. деятель _f1878-1943 _gЕмельян Михайлович _9172674 _3RU\NLR\AUTH\770172725 |
|
| 801 | 0 |
_aRU _bNLR _gpsbo |
|
| 801 | 1 |
_aRU _bELAR _2rusmarc |
|
| 852 |
_aNLR _jИп30 В-6/1(7) |
||
| 942 | _cUNSPEC | ||
| 980 | _aNB | ||